[Event "AUS-ch U18 Girls"]
[Site "Gold Coast"]
[Date "2020.01.24"]
[Round "6"]
[White "Lin, Emily"]
[Black "Patel, Dhwani"]
[Result "1-0"]
[WhiteElo "1722"]
[BlackElo "1551"]
[PlyCount "92"]
[EventDate "2020.01.22"]
[EventType "swiss"]
[EventRounds "9"]
[EventCountry "AUS"]
[SourceTitle "EXT 2021"]
[Source "ChessBase"]
[SourceDate "2020.10.23"]
[SourceVersion "1"]
[SourceVersionDate "2020.10.23"]
[SourceQuality "1"]

1. c4 e5 2. Nc3 Nf6 3. d3 g6 4. Nf3 d6 5. g3 Bg7 6. Bg2 0-0 7. 0-0 Nc6 8. Rb1 a5 9. a3 Be6 10. b4 axb4 11. axb4 Ne7 12. Ng5 c6 13. Nge4 Nxe4 14. Nxe4 f5 15. Ng5 Bf7 16. Nxf7 Rxf7 17. Qb3 Nc8 18. Bb2 Nb6 19. Ra1 Rc8 20. Ra7 Ra8 21. Rfa1 Rxa7 22. Rxa7 Qb8 23. Qa2 Bf8 24. Bc1 Qc7 25. Be3 f4 26. Bxb6 Qxb6 27. gxf4 Qxb4 28. Bf3 exf4 29. Qa1 Bg7 30. Ra8+ Rf8 31. Rxf8+ Kxf8 32. Qa8+ Ke7 33. Qc8 Qb6 34. Bg4 Bd4 35. Qe6+ Kf8 36. Qxd6+ Kg7 37. Qxf4 Bf6 38. Kg2 Qd8 39. Qe4 Qb6 40. Qf4 Qd8 41. Qe4 Qd4 42. Qe6 h5 43. Qd7+ Qxd7 44. Bxd7 Kf7 45. c5 Bd8 46. f4 Ke7 1-0